| 000 -LEADER | |
|---|---|
| fixed length control field | 00421nam a22001457a 4500 |
| 005 - DATE AND TIME OF LATEST TRANSACTION | |
| control field | 20240110130941.0 |
| 008 - FIXED-LENGTH DATA ELEMENTS--GENERAL INFORMATION | |
| fixed length control field | 190911b xxu||||| |||| 00| 0 eng d |
| 020 ## - INTERNATIONAL STANDARD BOOK NUMBER | |
| ISBN | 978-93-81075-55-5 |
| 041 ## - LANGUAGE CODE | |
| Language code of text/sound track or separate title | eng |
| 100 ## - MAIN ENTRY--AUTHOR NAME | |
| Personal name | DUA ,KAMAL & PABREJA, KAVITA , SHARMA, VIJAY KUMAR |
| 245 ## - TITLE STATEMENT | |
| Title | COMMUNITY PHARMACY : BASIC PRINCIPAL AND CONCEPTS |
| 260 ## - PUBLICATION, DISTRIBUTION, ETC. (IMPRINT) | |
| Place of publication | HYDERABAD |
| Name of publisher | PHARMAMED PRESS |
| Year of publication | 2012 |
| 300 ## - PHYSICAL DESCRIPTION | |
| Number of Pages | 165p, |
| 942 ## - ADDED ENTRY ELEMENTS (KOHA) | |
| Koha item type | Books |
| Lost status | Damaged status | Collection code | Home library | Current library | Shelving location | Date acquired | Source of acquisition | Cost, normal purchase price | Accession Number | Koha item type |
|---|---|---|---|---|---|---|---|---|---|---|
| Reference | JRU Library | JRU Library | SHELF-4-D | 11/09/2019 | PURCHESS | 195.00 | 23524 | Books | ||
| PHARMACY | JRU Library | JRU Library | SHELF - 19 - I | 11/09/2019 | PURCHESS | 195.00 | 23525 | Books | ||
| PHARMACY | JRU Library | JRU Library | SHELF - 19 - I | 11/09/2019 | PURCHESS | 195.00 | 23526 | Books | ||
| PHARMACY | JRU Library | JRU Library | SHELF - 19 - I | 11/09/2019 | PURCHESS | 195.00 | 23527 | Books |